000 00553nam a22002177a 4500
003 UA-OsUOA
001 43094
007 ta
008 20061205b un ||||| |||| 00| 0 ukr d
100 _aСкляренко В.Г.
090 _a94(477)
_bС-11
942 _cSA
040 _aUA-OsUOA
_bukr
_cUA-OsUOA
_dUA-OsUOA
245 _aПоходження назви Україна
300 _aС.15-34
955 _a0
041 _aukr
080 _a94(477)
773 0 _w43093
650 7 _a9 Географія. Біографії. Історія
_2UDC
999 _c329225
_d329225